000 00387nam a2200133Ia 4500
005 20251222144752.0
008 251222s9999||||xx |||||||||||||| ||spa||
020 _a978-84-7490-856-5
082 _a235.7/F82
100 _aFranco Martínez, César Augusto
245 0 _aPasión de Jesús según San Mateo y descenso a los Infiernos
264 _bEncuentroMadridThomson2005
942 _cLIB
999 _c19397
_d19397